000
00277nam a22001217a 4500
020
_a
0-471-51183-8
082
_a
631.4 LAM'S
100
_a
LAMBE, T. W
_9
78525
245
_a
SOIL TESTING FOR ENGINEERING
260
_a
NEWYORK
_b
JOHN WILEY
_c
1951
300
_a
165P
942
_c
BK
999
_c
583635
_d
583635